| 000 | 01138cam a22002894a 4500 | ||
|---|---|---|---|
| 999 |
_c232552 _d232552 |
||
| 001 | 14030671 | ||
| 003 | Nust | ||
| 005 | 20170220171219.0 | ||
| 008 | 050513s2005 enkaf 001 0 eng | ||
| 010 | _a 2005415952 | ||
| 020 | _a9780007176939 | ||
| 035 | _a(CaONFCNI)ny0345654 | ||
| 040 |
_aDLC _cDLC _dDLC |
||
| 043 | _ae-ie--- | ||
| 050 | 0 | 0 |
_aPN5146.K33 _bA3 2005 |
| 082 |
_a823 _bKEA |
||
| 100 | 1 | _aKeane, Fergal. | |
| 245 | 1 | 0 |
_aAll of these people : _ba memoir / _cFergal Keane. |
| 260 |
_aHammersmith, London : _bHarperCollins Publishers, _c2005. |
||
| 300 |
_axvi, 396 p., [16] p. of plates : _bill. ; _c24 cm. |
||
| 500 | _aIncludes index. | ||
| 610 | 1 | 0 | _aKeane, Fergal. |
| 650 | 0 |
_aWar correspondents _zIreland _vBiography. |
|
| 856 | 4 | 1 |
_3Table of contents only _uhttp://www.loc.gov/catdir/toc/fy0703/2005415952.html |
| 906 |
_a7 _bcbc _corigres _d2 _encip _f20 _gy-gencatlg |
||
| 942 |
_2ddc _cBK |
||